| 000 | 00322nam a22001217a 4500 | ||
|---|---|---|---|
| 082 |
_a338.11 _bNAT _cD |
||
| 245 |
_aHighway research record _bEarle w. jackson |
||
| 260 |
_aThe world bank washington _c1966 |
||
| 300 |
_a64 p. _c29 cm. |
||
| 526 |
_a0 _b0 _c0 _d338_110000000000000_NAT |
||
| 650 |
_aMCE _9379 |
||
| 942 |
_2ddc _cBK |
||
| 999 |
_c543230 _d543230 |
||